000 00794 a2200205 4500
999 _c4007
_d4007
020 _a9781107664340 (paperback)
050 0 0 _aKJE947 CHA 2014
100 1 _aChalmers, Damian,
_eauthor.
245 1 0 _aEuropean Union law :
_btext and materials /
_cDamian Chalmers, Gareth Davies, Giorgio Monti.
250 _aThird edition.
264 1 _aCambridge, United Kingdom :
_bCambridge University Press,
_c2014.
300 _acxi, 1114 pages :
_billustrations ;
500 _aEuropean Union Law
504 _aIncludes bibliographical references and index.
650 0 _aLaw
700 1 _aDavies, Gareth,
_eauthor.
700 1 _aMonti, Giorgio,
_eauthor.
942 _2lcc
_cBK
_e3rd ed.
_h947
_iCHA
_kKJE